The politics of planning and development / (Record no. 52231)
[ view plain ]
| 000 -LEADER | |
|---|---|
| fixed length control field | 01036pam a2200289 a 4500 |
| 001 - CONTROL NUMBER | |
| control field | 52231 |
| 003 - CONTROL NUMBER IDENTIFIER | |
| rucl marc code | BD-RjUL |
| 005 - DATE AND TIME OF LATEST TRANSACTION | |
| control field | 20211209075754.0 |
| 008 - FIXED-LENGTH DATA ELEMENTS--GENERAL INFORMATION | |
| fixed length control field | 160907s1984 caua b 001 0 eng |
| 020 ## - INTERNATIONAL STANDARD BOOK NUMBER | |
| International Standard Book Number | 0803923147 |
| International Standard Book Number | 0803923155 (pbk.) |
| 035 ## - SYSTEM CONTROL NUMBER | |
| System control number | (BD-RjUL)52351 |
| 040 ## - CATALOGING SOURCE | |
| Original cataloging agency | DLC |
| Transcribing agency | DLC |
| Modifying agency | DLC |
| -- | BD-RjUL |
| Language of cataloging | eng |
| 041 ## - LANGUAGE CODE | |
| Language code of text/sound track or separate title | eng |
| 082 00 - DEWEY DECIMAL CLASSIFICATION NUMBER | |
| Edition number | 23 |
| Classification number | 338.973 |
| Author mark and year | CAP 1984 |
| 100 1# - MAIN ENTRY--PERSONAL NAME | |
| Personal name | Catanese, Anthony James |
| 9 (RLIN) | 156240 |
| 245 14 - TITLE STATEMENT | |
| Title | The politics of planning and development / |
| Statement of responsibility, etc. | Anthony James Catanese |
| 260 ## - PUBLICATION, DISTRIBUTION, ETC. (IMPRINT) | |
| Place of publication, distribution, etc. | Beverly Hills : |
| Name of publisher, distributor, etc. | Sage Publications, |
| Date of publication, distribution, etc. | c1984 |
| 300 ## - PHYSICAL DESCRIPTION | |
| Pagination | 231 p. : |
| Illustrations | ill. ; |
| Size | 23 cm. |
| 504 ## - BIBLIOGRAPHY, ETC. NOTE | |
| Bibliography, etc | Includes Bibliography and index. |
| 650 #0 - SUBJECT ADDED ENTRY--TOPICAL TERM | |
| Topical term or geographic name as entry element | Regional planning |
| Geographic subdivision | United States |
| General subdivision | Citizen participation. |
| 9 (RLIN) | 156241 |
| Topical term or geographic name as entry element | Economic development and growth |
| Geographic subdivision | United States |
| 9 (RLIN) | 156242 |
| Topical term or geographic name as entry element | City planning |
| Geographic subdivision | United States |
| General subdivision | Citizen participation. |
| 9 (RLIN) | 156243 |
| 830 ## - SERIES ADDED ENTRY--UNIFORM TITLE | |
| Uniform title | Sage library of social research ; |
| Volume number/sequential designation | v. 156 |
| 942 ## - ADDED ENTRY ELEMENTS (KOHA) | |
| Source of classification or shelving scheme | Dewey Decimal Classification |
| Koha item type | Books |
| Lost status | Source of classification or shelving scheme | Damaged status | Not for loan | Collection code | Permanent Location | Current Location | Shelving location | Date acquired | Source of acquisition | Total Checkouts | Full call number | Date last seen | Copy number | Koha item type |
|---|---|---|---|---|---|---|---|---|---|---|---|---|---|---|
| Dewey Decimal Classification | Non-fiction | Central Library, University of Rajshahi | Central Library, University of Rajshahi | 05/10/1991 | N/A | 338.973 CAP 1984 | 07/09/2016 | C-2 | Books |